000 00484nam a2200181Ia 4500
008 131103s9999 xx 000 0 und d
020 _cRs.200
040 _aLoreto College
041 _aEnglish
082 _aF/RAY
_bLCBED/12389
100 _aRay, Satyjit
245 4 _aThe mystery of the pink pearl
_b the final Feluda stories
_cSatyjit Ray
260 _aDelhi
_bPenguin
_c1990
300 _a263p.
_c 22cm.
650 _aEnglish fiction
850 _aLCBED/F/RAY
942 _cBK
999 _c32955
_d83434